More Simpsons Trivia (for the hopelessly obsessed) - Statistics

General Stats
  • This quiz has been taken 889 times
  • The average score is 6 of 15
Answer Stats
Episode name + Hint Answer % Correct
(Bart Sells His Soul) Who's "back, in Pog form"? ALF
79%
(Whacking Day) Whacking Day began as an excuse to beat up what group of people? the Irish
75%
"Reservoir Cats", an episode of Itchy and Scratchy, is "directed" by which director? Quentin Tarantino
58%
(Marge Be Not Proud) "Buy me ___________ or go to hell!" Bonestorm
53%
(Bart vs. Australia) When Bart moons the Australians, what does he have written on his butt? "Don't Tread on Me"
51%
(Das Bus) What "tastes like burning"? the purple berries
48%
(Marge on the Lam) "I hate when the ___ stick together." "Stickin’ together is what good ___ do!" Waffles
45%
(A Star is Burns) Who is Steven Spielberg's "non-union, Mexican equivalent"? Señor Spielbergo
39%
(Lisa vs. Malibu Stacy) "Now let's forget our troubles with a big bowl of ____" Strawberry ice cream
39%
(Mr. Plow) On the $10,000 bill, which president is passed out on the couch? Jimmy Carter
36%
(Mother Simpson) Which football player has a haircut "you can set your watch to"? Johnny Unitas
30%
(Two Dozen And One Greyhounds) Who is the actor that is always "standing and walking"? Rory Calhoun
28%
(Last Exit to Springfield) What drug is "ten times more addictive than marijuana"? Swank
15%
(Lisa's Substitute) Dustin Hoffman voiced the character of Mr. Bergstrom under what pseudonym? Sam Etic
9%
(22 Short Films About Springfield) Which magazine will give Otto $25 for a picture of Lisa with gum in her hair? Fangoria
5%
No matching quizzes found
Score Distribution
Percent of People with Each Score
Percentile by Number Answered
Your Score History
You have not taken this quiz